Análisis de la intervención kinésica en la presión intracraneal de los pacientes con traumatismo craneoencefálico grave en la unidad de cuidados intensivos / (Record no. 7108)
[ view plain ]
| 000 -LEADER | |
|---|---|
| fixed length control field | 02680nam a22003137a 4500 |
| 005 - DATE AND TIME OF LATEST TRANSACTION | |
| control field | 20250612155116.0 |
| 007 - PHYSICAL DESCRIPTION FIXED FIELD--GENERAL INFORMATION | |
| fixed length control field | cr |
| 008 - FIXED-LENGTH DATA ELEMENTS--GENERAL INFORMATION | |
| fixed length control field | 210913e20210505ag |||||om||| 00| 0 spa d |
| 040 ## - CATALOGING SOURCE | |
| Original cataloging agency | AR-FvUNAJ |
| Transcribing agency | AR-FvUNAJ |
| Description conventions | aacr2 |
| 041 ## - LANGUAGE CODE | |
| Language code of text/sound track or separate title | spa |
| 100 1# - MAIN ENTRY--PERSONAL NAME | |
| Personal name | Fleitas, Brenda Anahi |
| 9 (RLIN) | 13287 |
| 245 10 - TITLE STATEMENT | |
| Title | Análisis de la intervención kinésica en la presión intracraneal de los pacientes con traumatismo craneoencefálico grave en la unidad de cuidados intensivos / |
| Statement of responsibility, etc | Brenda Anahi Fleitas |
| 260 ## - PUBLICATION, DISTRIBUTION, ETC. (IMPRINT) | |
| Place of publication, distribution, etc | Florencio Varela: |
| Name of publisher, distributor, etc | Universidad Nacional Arturo Jauretche, |
| Date of publication, distribution, etc | 2021 |
| 300 ## - PHYSICAL DESCRIPTION | |
| Extent | 73 p. |
| 502 ## - DISSERTATION NOTE | |
| Tipo de título | Tesis para obtener el titulo de Licenciado/a. |
| Nombre de la institución que otorga el título | Universidad Nacional Arturo Jauretche. |
| 520 3# - SUMMARY, ETC. | |
| Summary, etc | El traumatismo craneoencefálico (TEC) es denominado una “epidemia silenciosa” ya que es una de las mayores causantes de morbimortalidad a nivel mundial. La organización mundial de la salud (OMS) estima que en los próximos años será la primera causa entre lesiones relacionadas con trauma. Forma parte de un importante problema de salud como así también económico y social.<br/>La lesión cerebral traumática grave, es decir, aquella cuyo Glasgow es menor o igual a 8, es una causa común de ingreso a la UCI. Dentro del equipo que interviene en el cuidado y manejo de los pacientes, se encuentra el profesional Licenciado en Kinesiología y Fisiatría que se especializa en áreas críticas para poder realizar dichas intervenciones y tomar las decisiones pertinentes. <br/>La kinesiología respiratoria ha cobrado gran importancia en estas últimas décadas interviniendo tanto en la optimización de la ventilación como así también en la prevención de patologías asociadas a la misma entre otras medidas y prácticas relacionadas a los “cuidados respiratorios”. Es por ello que, el presente trabajo tiene como objetivo analizar los efectos de la intervención kinésica en los pacientes con traumatismo craneoencefálico<br/> |
| 540 ## - TERMS GOVERNING USE AND REPRODUCTION NOTE | |
| Terms governing use and reproduction | Esta obra está bajo una Licencia Creative Commons Argentina. Atribución – no comercial – sin obra derivada 4.0 |
| Uniform Resource Identifier | <a href="https://creativecommons.org/licenses/by-nc-nd/4.0/ ">https://creativecommons.org/licenses/by-nc-nd/4.0/ </a> |
| 630 #0 - SUBJECT ADDED ENTRY--UNIFORM TITLE | |
| 9 (RLIN) | 11487 |
| Uniform title | Licenciatura en Kinesiología y Fisiatría |
| 650 27 - SUBJECT ADDED ENTRY--TOPICAL TERM | |
| Source of heading or term | desc |
| 9 (RLIN) | 13344 |
| Topical term or geographic name as entry element | BRAIN INJURIES |
| 650 20 - SUBJECT ADDED ENTRY--TOPICAL TERM | |
| Topical term or geographic name as entry element | INTRACRANIAL PRESSURE |
| 9 (RLIN) | 13289 |
| 650 20 - SUBJECT ADDED ENTRY--TOPICAL TERM | |
| Topical term or geographic name as entry element | INTRACRANIAL HYPERTENSION |
| 9 (RLIN) | 13290 |
| 650 20 - SUBJECT ADDED ENTRY--TOPICAL TERM | |
| Topical term or geographic name as entry element | PHYSICAL THERAPY MODALITIES |
| 9 (RLIN) | 13291 |
| 650 27 - SUBJECT ADDED ENTRY--TOPICAL TERM | |
| Source of heading or term | desc |
| 9 (RLIN) | 13348 |
| Topical term or geographic name as entry element | PRONE POSITION |
| 700 1# - ADDED ENTRY--PERSONAL NAME | |
| 9 (RLIN) | 14547 |
| Personal name | Gosis, Carolina |
| Relator term | Dirección |
| 856 41 - ELECTRONIC LOCATION AND ACCESS | |
| Uniform Resource Identifier | <a href="https://rid.unaj.edu.ar/handle/123456789/2209">https://rid.unaj.edu.ar/handle/123456789/2209</a> |
| Electronic format type | application/pdf |
| 942 ## - ADDED ENTRY ELEMENTS (KOHA) | |
| Source of classification or shelving scheme | Dewey Decimal Classification |
| Item type | Trabajo final de grado |
| 980 ## - EQUIVALENCE OR CROSS-REFERENCE-SERIES STATEMENT--PERSONAL NAME/TITLE [LOCAL, CANADA] | |
| Linkage | 20072 |
| Personal name | Regueira |
| Field link and sequence number | 20072 |
| Miscellaneous information | Matías Regueira |
| Withdrawn status | Lost status | Source of classification or shelving scheme | Damaged status | Not for loan | Collection code | Home library | Current library | Date acquired | Barcode | Date last seen | Uniform Resource Identifier | Price effective from | Koha item type |
|---|---|---|---|---|---|---|---|---|---|---|---|---|---|
| Dewey Decimal Classification | Acceso en línea | Instituto de Ciencias de la Salud | Repositorio Institucional Digital UNAJ | Repositorio Institucional Digital UNAJ | 13/09/2021 | RID21090017 | 13/09/2021 | https://rid.unaj.edu.ar/handle/123456789/2209 | 13/09/2021 | Trabajo final de grado |